000 00622cam a22002293a 4500
001 3695
003 PGUSA
005 20140828083037.0
008 030101s2003||||xxu|||||s|||||000 | eng d
040 _aPGUSA
_beng
042 _adc
050 4 _aPR
100 1 _aJonson, Ben,
_d-1637
245 1 0 _aEvery Man out of His Humour
_h[electronic resource] /
_cBen Jonson
260 _bProject Gutenberg,
_c2003
506 _aPublic domain in the USA.
516 _aElectronic text
653 _aEnglish drama (Comedy)
830 0 _aProject Gutenberg
_v3695
856 4 0 _uhttp://www.gutenberg.org/ebooks/3695
942 _cEB
999 _c233024
_d233024